| 000 | 00566nam a2200181Ia 4500 | ||
|---|---|---|---|
| 005 | 20250508151649.0 | ||
| 008 | 008 250505s9999 xx 000 0 eng d | ||
| 037 | _aTextual | ||
| 040 |
_aFEDL _beng _cFEDL |
||
| 041 |
_aeng _2eng |
||
| 084 |
_a500, BRA _qFEDL |
||
| 100 |
_aBrandwein Paul F _9348356 |
||
| 245 | 0 | _aGifted student as future scientist : The high school student and his commitment to science | |
| 260 |
_aNew York, USA _bHarcourt, Brace and Company _c1955 |
||
| 300 | _a106p. | ||
| 942 |
_cTEXL _h500, BRA |
||
| 999 |
_c1331248 _d1331248 |
||